000 00345nmm a2200145 a 4500
003 AR-BaBNM
005 20251128203123.0
008 223119s1947 ||||||||||||||000 | spa||
040 _cAR-BaBNM
100 1 _aBacon, Francis
245 1 0 _aDel adelanto y progreso de la ciencia
260 _a[S.l.]
_bLautaro
_c1947
942 _cBK
998 _cRhizi
999 _c1991
_d1991